Vývoj úverov na bývanie v Slovenskej republike

Úvery na bývanie. Faktory, na ktorých závisí úroková sadzba. Analýza vývoju objemu úverov na bývanie a výšku úrokovej sadzby od roku 2009.

Salvato in:
Dettagli Bibliografici
Autore principale: Weiss, Roland, 1984-
Natura: Capitolo di libro
Lingua:slovacco
Soggetti:
Tags: Aggiungi Tag
Nessun Tag, puoi essere il primo ad aggiungerne!!

MARC

LEADER 00000naa$a2200000$$$4500
001 0270646
005 20240502074237.9
041 0 |a slo 
044 |a SK 
245 1 0 |a Vývoj úverov na bývanie v Slovenskej republike  |c Roland Weiss 
520 |a Úvery na bývanie. Faktory, na ktorých závisí úroková sadzba. Analýza vývoju objemu úverov na bývanie a výšku úrokovej sadzby od roku 2009. 
610 2 0 |a úver 
610 2 0 |a sadzby úrokové 
610 2 0 |a bývanie 
610 2 0 |a úrok 
610 2 0 |a banky 
610 2 0 |a Slovensko 
100 1 |a Weiss, Roland, 1984-